000 00423nam a22001697a 4500
999 _c2318
_d2317
005 20211118114532.0
008 160601b xxu||||| |||| 00| 0 eng d
020 _a978-81-8054-695-2
041 _aeng
082 _b6643
100 _aPrasad L.M.
_9431
245 _aPrinciples and Practice of Management
260 _aNew Delhi
_bSultan Chand & Sons,
_c2010
300 _a870
650 _aManagement
_9241
942 _cBK